A Textbook of Mechatronics : (Record no. 1973)

MARC details
000 -LEADER
Fixed length control field 00476nam a2200169 4500
003 - CONTROL NUMBER IDENTIFIER
Control field SEACOMEC
005 - DATE AND TIME OF LATEST TRANSACTION
Control field 20250128121035.0
008 - FIXED-LENGTH DATA ELEMENTS--GENERAL INFORMATION
Fixed length control field 250128b |||||||| |||| 00| 0 eng d
020 ## - INTERNATIONAL STANDARD BOOK NUMBER / ISBN
International Standard Book Number 9788121928595
Price 295.00
040 ## - CATALOGING SOURCE
Original cataloging agency SEACOMEC
082 ## - DEWEY DECIMAL CLASSIFICATION NUMBER
Classification number 621.38
Book Number R161
100 ## - MAIN ENTRY--PERSONAL NAME
Personal name Rajput, RK
245 ## - TITLE STATEMENT
Title A Textbook of Mechatronics :
Sub title For Engineering Students of BE, B.Tech Courses /
Statement of responsibility RK Rajput
260 ## - IMPRINT
Place of publication New Delhi :
Name of publisher S. Chand,
Date of publication 2007
300 ## - PHYSICAL DESCRIPTION
Page / Vol. No 618 p
942 ## - ADDED ENTRY ELEMENTS (KOHA)
Koha item type Books
Holdings
Withdrawn status Lost status Source of classification Damaged status Not for loan Home library Current library Date acquired Total Checkouts Call number Accession number Date last seen Price effective from Koha item type Copy number
    Dewey Decimal Classification     SEACOM ENGINEERING COLLEGE SEACOM ENGINEERING COLLEGE 30/07/2008   621.38 R161 12444 28/01/2025 28/01/2025 Books  
    Dewey Decimal Classification     SEACOM ENGINEERING COLLEGE SEACOM ENGINEERING COLLEGE 30/07/2008   621.38 R161 12445 28/01/2025 28/01/2025 Books 1
    Dewey Decimal Classification     SEACOM ENGINEERING COLLEGE SEACOM ENGINEERING COLLEGE 30/07/2008   621.38 R161 12446 28/01/2025 28/01/2025 Books 2
    Dewey Decimal Classification     SEACOM ENGINEERING COLLEGE SEACOM ENGINEERING COLLEGE 30/07/2008   621.38 R161 12447 28/01/2025 28/01/2025 Books 3
    Dewey Decimal Classification     SEACOM ENGINEERING COLLEGE SEACOM ENGINEERING COLLEGE 30/07/2008   621.38 R161 12448 28/01/2025 28/01/2025 Books 4
    Dewey Decimal Classification     SEACOM ENGINEERING COLLEGE SEACOM ENGINEERING COLLEGE 03/03/2009   621.38 R161 14036 28/01/2025 28/01/2025 Books 5
    Dewey Decimal Classification     SEACOM ENGINEERING COLLEGE SEACOM ENGINEERING COLLEGE 03/03/2009   621.38 R161 14037 28/01/2025 28/01/2025 Books 6
    Dewey Decimal Classification     SEACOM ENGINEERING COLLEGE SEACOM ENGINEERING COLLEGE 03/03/2009   621.38 R161 14038 28/01/2025 28/01/2025 Books 7
    Dewey Decimal Classification     SEACOM ENGINEERING COLLEGE SEACOM ENGINEERING COLLEGE 03/03/2009   621.38 R161 14039 28/01/2025 28/01/2025 Books 8
    Dewey Decimal Classification     SEACOM ENGINEERING COLLEGE SEACOM ENGINEERING COLLEGE 03/03/2009   621.38 R161 14040 28/01/2025 28/01/2025 Books 9
© Seacom Engineering College, All rights reserved.      Powered by Koha